[Event "zonal 1.5"]
[Site "Panormo GRE"]
[Date "1998.10.25"]
[Round "2"]
[White "Vouldis, Angelos"]
[Black "Kotronias, Vasilios"]
[Result "0-1"]
[WhiteElo "2475"]
[BlackElo "2555"]
[EventDate "1998.10.24"]
[PlyCount "126"]

1.e4 c5 2.Nf3 Nc6 3.d4 cxd4 4.Nxd4 Nf6 5.Nc3 d6 6.Bc4 Qb6 7.Nb3 e6 8.Bf4 
Ne5 9.Be2 a6 10.Bg3 h5 11.h3 Qc7 12.a4 Bd7 13.O-O h4 14.Bf4 Be7 15.Bg5 Nc4
16.Bxc4 Qxc4 17.Bxf6 gxf6 18.Re1 O-O-O 19.Qd3 Qxd3 20.cxd3 Kb8 21.Nd2 Rh5 
22.Ne2 f5 23.Nf4 Rh6 24.Nf3 fxe4 25.dxe4 Rc8 26.b3 Rc3 27.Rab1 Rh8 28.Ne2 
Rc2 29.Nfd4 Rc5 30.Rbc1 Re5 31.f3 d5 32.exd5 Rxd5 33.Red1 Ba3 34.Ra1 Bc5 
35.Kf1 Rc8 36.f4 Bc6 37.Nxc6+ bxc6 38.g3 hxg3 39.Nxg3 Be3 40.Ne2 Rg8 41.
Rxd5 exd5 42.Rd1 d4 43.Nc1 Bxf4 44.Nd3 Be3 45.Ke2 f5 46.Kf3 Kc7 47.h4 Kd6 
48.h5 Rb8 49.b4 a5 50.bxa5 c5 51.Nf4 Ke5 52.Re1 Kd6 53.a6 Bxf4 54.Kxf4 c4 
55.h6 c3 56.a7 Ra8 57.h7 Kd5 58.Rb1 c2 59.Rc1 d3 60.Ke3 Kc4 61.Kd2 Re8 62.
Rf1 Re2+ 63.Kc1 Kb3 0-1

[Event "zonal 1.5"]
[Site "Panormo GRE"]
[Date "1998.10.25"]
[Round "2"]
[White "Kovacevic, Aleksandar"]
[Black "Drasko, Milan"]
[Result "0-1"]
[WhiteElo "2495"]
[BlackElo "2515"]
[EventDate "1998.10.24"]
[PlyCount "120"]

1.e4 e6 2.d4 d5 3.Nc3 Bb4 4.e5 Ne7 5.a3 Bxc3+ 6.bxc3 c5 7.Qg4 O-O 8.Bd3 f5
9.exf6 Rxf6 10.Bg5 Rf7 11.Qh4 h6 12.Bxe7 Rxe7 13.Nf3 e5 14.dxe5 Rxe5+ 15.
Kd2 Qxh4 16.Nxh4 Nc6 17.f4 Re8 18.Bg6 Rf8 19.Rae1 Bd7 20.f5 Rad8 21.g4 Na5
22.Re7 d4 23.Rg1 Nc4+ 24.Kc1 Ba4 25.f6 Rxf6 26.Bd3 Nd6 27.g5 hxg5 28.Rxg5 
Rf7 29.Re6 c4 30.Rxd6 Rxd6 31.Bxc4 Rc6 32.Bd5 Rxc3 33.Ng6 Bxc2 34.Kd2 Bxg6
35.Rxg6 Kf8 36.Bxf7 Kxf7 37.Rd6 Ke7 38.Rg6 Kf7 39.Rd6 Kg8 40.a4 a5 41.Rxd4
Rb3 42.Kc2 Ra3 43.h4 Kh7 44.Kb2 Rh3 45.Rg4 b6 46.Kc2 Kh6 47.Kb2 g6 48.Kc2 
Rf3 49.Kb2 Rf5 50.Kc3 Kh5 51.Rd4 Rf3+ 52.Kc2 Rh3 53.Rd5+ Kxh4 54.Rd6 g5 
55.Rh6+ Kg3 56.Rxb6 g4 57.Rb5 Kh2 58.Rxa5 g3 59.Rg5 g2 60.a5 g1=Q 0-1

[Event "zonal 1.5"]
[Site "Panormo GRE"]
[Date "1998.10.25"]
[Round "2"]
[White "Khachian, Melikset"]
[Black "Lputian, Smbat"]
[Result "0-1"]
[WhiteElo "2370"]
[BlackElo "2615"]
[EventDate "1998.10.24"]
[PlyCount "134"]

1.e4 e6 2.d4 d5 3.Nc3 Bb4 4.e5 c5 5.a3 Ba5 6.Qg4 Ne7 7.dxc5 Bxc3+ 8.bxc3 
Ng6 9.Nf3 Nd7 10.Bd3 Qc7 11.O-O Ndxe5 12.Nxe5 Qxe5 13.Bb5+ Bd7 14.Bxd7+ 
Kxd7 15.Rb1 Rhb8 16.f4 Qf5 17.Qe2 Ne7 18.g4 Qe4 19.Be3 Nc6 20.Qd3 f5 21.
Bd4 Qxd3 22.cxd3 b6 23.g5 g6 24.Kf2 e5 25.cxb6 axb6 26.fxe5 Rxa3 27.Rb5 
Ra5 28.Rfb1 Rxb5 29.Rxb5 Ke6 30.Ke3 Nxe5 31.c4 f4+ 32.Ke2 f3+ 33.Ke3 Rf8 
34.Rxb6+ Kd7 35.Rb7+ Kc6 36.Rb6+ Kc7 37.Rf6 Ng4+ 38.Kxf3 Nxf6 39.gxf6 dxc4
40.dxc4 Kd6 41.Kf4 h6 42.h4 Rc8 43.c5+ Kd5 44.Be3 Rf8 45.Kg4 Rxf6 46.Bxh6 
Rf5 47.Bg5 Rf1 48.Be7 Ke6 49.Bd6 Rf5 50.Kg3 Rd5 51.Kg4 Kf6 52.Kf3 Ke6 53.
Kf4 Rd4+ 54.Kg3 Kf5 55.Be7 Rc4 56.Kh3 Rc3+ 57.Kg2 Kf4 58.Kf2 Rc2+ 59.Ke1 
Ke3 60.Kd1 Kd3 61.Bd6 Rc4 62.Ke1 Ke3 63.Kf1 Rxh4 64.c6 Rc4 65.c7 Kf3 66.
Ke1 Rc6 67.Be5 g5 0-1

[Event "zonal 1.5"]
[Site "Panormo GRE"]
[Date "1998.10.25"]
[Round "2"]
[White "Minasian, Artashes"]
[Black "Borg, Geoffrey"]
[Result "0-1"]
[WhiteElo "2620"]
[BlackElo "2360"]
[EventDate "1998.10.24"]
[PlyCount "86"]

1.d4 d5 2.Nf3 c6 3.Bf4 Bf5 4.e3 Nf6 5.c4 e6 6.Nc3 Nbd7 7.h3 h6 8.Bd3 Bxd3 
9.Qxd3 Be7 10.O-O O-O 11.Rfd1 Qa5 12.a3 dxc4 13.Qxc4 c5 14.Bg3 Rac8 15.Qe2
cxd4 16.Nxd4 a6 17.e4 Nb6 18.e5 Nfd5 19.Ne4 Nc4 20.Qg4 Qb6 21.b4 Rfd8 22.
Nb3 Nce3 23.fxe3 Qxe3+ 24.Kh1 Qxb3 25.Rf1 Rc4 26.Rae1 Ne3 27.Rf3 Rd3 28.
Rfxe3 Rxe3 29.Rxe3 Qxe3 30.Nf6+ Bxf6 31.Qxc4 Bxe5 32.Bxe5 Qe1+ 33.Kh2 
Qxe5+ 34.Kg1 Qa1+ 35.Kh2 Qe5+ 36.Kg1 Qd5 37.Qc7 Qc6 38.Qg3 Qd5 39.Qc7 e5 
40.Kh2 g6 41.a4 e4 42.Qe7 Kg7 43.Kg3 Qg5+ 0-1

[Event "zonal 1.5"]
[Site "Panormo GRE"]
[Date "1998.10.25"]
[Round "2"]
[White "Minasian, Ara"]
[Black "Nikolaidis, Ioannis"]
[Result "1-0"]
[WhiteElo "2450"]
[BlackElo "2530"]
[EventDate "1998.10.24"]
[PlyCount "61"]

1.e4 c5 2.Nf3 Nc6 3.Bb5 g6 4.O-O Bg7 5.c3 Nf6 6.Qe2 O-O 7.d4 cxd4 8.cxd4 
d5 9.e5 Ne4 10.Be3 f6 11.exf6 exf6 12.Nc3 Nxc3 13.bxc3 Na5 14.Nd2 Bf5 15.
c4 a6 16.Ba4 Nxc4 17.Nxc4 dxc4 18.Qxc4+ Kh8 19.Bb3 b5 20.Qc6 Qd7 21.Rac1 
Rfc8 22.Qb6 a5 23.Rxc8+ Rxc8 24.Qxa5 Be4 25.Rc1 Rxc1+ 26.Bxc1 f5 27.Qb6 
Qe8 28.Be3 Bd3 29.Qc7 Qf8 30.d5 Qf6 31.Bd4 1-0

[Event "zonal 1.5"]
[Site "Panormo GRE"]
[Date "1998.10.25"]
[Round "2"]
[White "Gelashvili, Tamaz"]
[Black "Cela, Altin"]
[Result "1/2-1/2"]
[WhiteElo "2510"]
[BlackElo "2450"]
[EventDate "1998.10.24"]
[PlyCount "110"]

1.e4 e5 2.Nf3 Nc6 3.Bb5 a6 4.Bxc6 dxc6 5.Nc3 f6 6.d3 c5 7.Be3 b6 8.Nd2 Ne7
9.O-O Be6 10.Ne2 Ng6 11.b3 Be7 12.Qe1 O-O 13.f4 exf4 14.Nxf4 Nxf4 15.Bxf4 
Bd6 16.Qg3 Bxf4 17.Qxf4 Qd6 18.a4 Qxf4 19.Rxf4 Rad8 20.Rf2 Rd4 21.h3 h6 
22.Kh2 Rfd8 23.g4 b5 24.axb5 axb5 25.Nf3 Rb4 26.Ra7 Rd7 27.Kg3 c4 28.bxc4 
bxc4 29.d4 c3 30.Ra5 Rc4 31.Re2 c6 32.h4 Bf7 33.Kf4 c5 34.Rxc5 Rdxd4 35.
Nxd4 Rxc5 36.Re3 Be8 37.Re1 Rc4 38.Ke3 Bd7 39.Rg1 Kf7 40.Nf5 Rc7 41.Kd4 
Bc6 42.Ne3 Rd7+ 43.Nd5 Ke6 44.Re1 Rd8 45.Kxc3 Ke5 46.Nb4 Rc8 47.Nd3+ Kd6 
48.Kd2 Bd7 49.Rg1 Rc4 50.Nf2 Ke5 51.g5 hxg5 52.hxg5 Bc6 53.gxf6 gxf6 54.
Nd3+ Ke6 55.Re1 Bxe4 1/2-1/2

[Event "zonal 1.5"]
[Site "Panormo GRE"]
[Date "1998.10.25"]
[Round "2"]
[White "Zaichik, Gennadi"]
[Black "Dervishi, Erald"]
[Result "0-1"]
[WhiteElo "2505"]
[BlackElo "2430"]
[EventDate "1998.10.24"]
[PlyCount "138"]

1.e4 e5 2.Nf3 Nc6 3.Bc4 Nf6 4.d3 Be7 5.c3 O-O 6.Bb3 d5 7.Nbd2 Bg4 8.h3 Bh5
9.Qe2 dxe4 10.dxe4 a6 11.Nf1 Bxf3 12.Qxf3 Nd7 13.Ne3 Nc5 14.O-O Nxb3 15.
axb3 Qc8 16.b4 Qe6 17.Qe2 Na7 18.Nf5 Bf6 19.Qg4 Kh8 20.Bg5 Bxg5 21.Qxg5 g6
22.Ne3 f6 23.Qg4 Qxg4 24.hxg4 Nb5 25.f3 Rad8 26.Rad1 Kg7 27.Kf2 Kf7 28.Rh1
Rxd1 29.Nxd1 Kg7 30.Ne3 Rd8 31.Ke2 Nd6 32.Nd5 c6 33.Ne3 Nf7 34.Nc4 Rd7 35.
Nb6 Rd6 36.Nc4 Rd7 37.Nb6 Rd6 38.Na4 Nd8 39.g3 Ne6 40.Ke3 g5 41.Nb6 Nf8 
42.Ke2 Kf7 43.Na4 Rd7 44.Nc5 Rc7 45.Kd3 Ke8 46.Ke3 Kf7 47.Nd3 Kg7 48.Nc5 
Kf7 49.Nd3 Kg7 50.f4 exf4+ 51.gxf4 gxf4+ 52.Nxf4 Re7 53.Rd1 Kf7 54.Nh5 Ke6
55.Nf4+ Kf7 56.Rh1 Kg7 57.Nh5+ Kg6 58.Ng3 Rd7 59.Nf5 Kg5 60.Kf3 Rd3+ 61.
Ne3 Rd2 62.Rh3 Kg6 63.Nc4 Rd1 64.e5 Rf1+ 65.Ke3 Re1+ 66.Kd3 Nd7 67.exf6 
Nxf6 68.Ne3 Kg7 69.Rg3 Kf8 0-1

[Event "zonal 1.5"]
[Site "Panormo GRE"]
[Date "1998.10.25"]
[Round "2"]
[White "Tosic, Miroslav"]
[Black "Seitaj, Ilir"]
[Result "1-0"]
[WhiteElo "2525"]
[BlackElo "2395"]
[EventDate "1998.10.24"]
[PlyCount "51"]

1.d4 d5 2.Nf3 e6 3.e3 c5 4.b3 Nc6 5.Bd3 Nf6 6.O-O Bd6 7.Bb2 O-O 8.Nbd2 b6 
9.Ne5 Bb7 10.f4 Nb4 11.Rf3 Ne4 12.Bxe4 dxe4 13.Rh3 Bxe5 14.dxe5 Nd5 15.Nc4
Qe7 16.Qh5 h6 17.Nd6 Bc6 18.Rg3 Kh8 19.f5 f6 20.fxe6 Qxe6 21.Rxg7 Kxg7 22.
Nf5+ Qxf5 23.Qxf5 Rf7 24.c4 Nxe3 25.exf6+ Kf8 26.Qf4 1-0

[Event "zonal 1.5"]
[Site "Panormo GRE"]
[Date "1998.10.25"]
[Round "2"]
[White "Shengelia, Davit"]
[Black "Pavlovic, Milos"]
[Result "1/2-1/2"]
[WhiteElo "2310"]
[BlackElo "2505"]
[EventDate "1998.10.24"]
[PlyCount "83"]

1.e4 c5 2.Nf3 d6 3.d4 cxd4 4.Qxd4 a6 5.c4 Nc6 6.Qd2 g6 7.b3 Bg7 8.Bb2 Nf6 
9.Nc3 Bg4 10.Be2 O-O 11.O-O Qa5 12.Rfd1 Rfc8 13.Ne1 Be6 14.f3 Nd7 15.Nd5 
Qxd2 16.Rxd2 Bh6 17.Rdd1 Rab8 18.Nd3 b6 19.Kf2 Nc5 20.N3b4 Nxb4 21.Nxb4 
Bg7 22.Bxg7 Kxg7 23.Ke3 a5 24.Nd5 Bxd5 25.exd5 h5 26.Rab1 h4 27.Rd4 Rh8 
28.a3 g5 29.Rg4 Kf6 30.f4 gxf4+ 31.Rxf4+ Kg7 32.b4 axb4 33.axb4 Nd7 34.Ra1
Ne5 35.Ra7 Rbe8 36.Rb7 Ng6 37.Rf1 Rb8 38.Rxb8 Rxb8 39.Ra1 Kf6 40.Kd4 e5+ 
41.dxe6 fxe6 42.g3 1/2-1/2

[Event "zonal 1.5"]
[Site "Panormo GRE"]
[Date "1998.10.25"]
[Round "2"]
[White "Chilov, Alexandros"]
[Black "Grivas, Efstratios"]
[Result "0-1"]
[WhiteElo "2205"]
[BlackElo "2520"]
[EventDate "1998.10.24"]
[PlyCount "60"]

1.c4 g6 2.Nc3 Bg7 3.g3 d6 4.Bg2 e5 5.e4 Nc6 6.Nge2 h5 7.O-O h4 8.d3 Be6 9.
f4 hxg3 10.hxg3 Bg4 11.Be3 Qd7 12.Qd2 Nd4 13.Bxd4 exd4 14.Nb5 c5 15.e5 
dxe5 16.Bxb7 Rb8 17.Bg2 a6 18.Na3 Bh3 19.Rf2 Bxg2 20.Rxg2 Qh3 21.Re1 Nf6 
22.Kf1 Ng4 23.Ng1 Qh1 24.Nc2 Rxb2 25.Qc1 Rh2 26.Rge2 Qb7 27.fxe5 Rxe2 28.
Kxe2 Qg2+ 29.Kd1 Nf2+ 30.Ke2 Ne4+ 0-1

[Event "zonal 1.5"]
[Site "Panormo GRE"]
[Date "1998.10.25"]
[Round "2"]
[White "Sargissian, Gabriel"]
[Black "Nadanian, Ashot"]
[Result "1/2-1/2"]
[WhiteElo "2290"]
[BlackElo "2415"]
[EventDate "1998.10.24"]
[PlyCount "175"]

1.e4 c5 2.Nf3 e6 3.Nc3 d6 4.d4 cxd4 5.Nxd4 Nc6 6.Be2 Nf6 7.Be3 Be7 8.O-O 
O-O 9.f4 e5 10.fxe5 dxe5 11.Nf5 Bxf5 12.Rxf5 g6 13.Rf1 Nd4 14.Bd3 Kg7 15.
Bg5 Ng8 16.Be3 Bg5 17.Bxg5 Qxg5 18.Nd5 Ne7 19.Qe1 Ng8 20.Rd1 Rac8 21.c3 
Ne6 22.Bc2 b6 23.h4 Qd8 24.Qg3 Qd6 25.Ne3 Qc7 26.Nf5+ Kh8 27.Nd6 Nf4 28.
Qe3 Rcd8 29.Nb5 Qe7 30.g3 Ne6 31.a4 h5 32.Qf3 Kg7 33.Bb3 Rxd1 34.Rxd1 Nc5 
35.Bc2 Nf6 36.b4 Ne6 37.Nd6 Nd4 38.cxd4 Qxd6 39.Qc3 exd4 40.Rxd4 Rc8 41.
Rxd6 Rxc3 42.Bd3 Ng4 43.a5 bxa5 44.bxa5 Rc1+ 45.Kg2 Rd1 46.Kf3 Rd2 47.e5 
Rxd3+ 48.Rxd3 Nxe5+ 49.Ke4 Nxd3 50.Kxd3 Kf6 51.Kc4 Kf5 52.Kb5 Kg4 53.Ka6 
f5 54.Kxa7 Kxg3 55.Kb6 f4 56.a6 f3 57.a7 f2 58.a8=Q f1=Q 59.Qe4 Qf5 60.Qe7
Kg4 61.Qe1 Kh3 62.Kb7 Qf3+ 63.Kb6 Kg2 64.Qe7 Kf2 65.Kc7 Qf4+ 66.Kb7 Kf3 
67.Ka6 Qa4+ 68.Kb6 Qd4+ 69.Ka5 Qd2+ 70.Ka4 Qe3 71.Qd8 Ke2 72.Qg8 Qe4+ 73.
Kb5 Ke3 74.Ka6 Qc6+ 75.Ka7 Ke4 76.Qf7 Qc5+ 77.Kb8 Qb5+ 78.Ka7 Qa5+ 79.Kb8 
Qb6+ 80.Ka8 Qa6+ 81.Kb8 Qd6+ 82.Ka7 Ke5 83.Qe8+ Kd5 84.Qe1 Qc5+ 85.Kb8 
Qb5+ 86.Ka7 Qa4+ 87.Kb8 Qf4+ 88.Ka7 1/2-1/2

[Event "zonal 1.5"]
[Site "Panormo GRE"]
[Date "1998.10.25"]
[Round "2"]
[White "Solak, Dragan"]
[Black "Pappas, Konstantinos"]
[Result "1-0"]
[WhiteElo "2425"]
[BlackElo "2155"]
[EventDate "1998.10.24"]
[PlyCount "59"]

1.e4 e6 2.d4 d5 3.Nd2 dxe4 4.Nxe4 Nf6 5.Nxf6+ Qxf6 6.Nf3 h6 7.Bd3 Nc6 8.
O-O Bd7 9.c3 Bd6 10.Qe2 O-O-O 11.b4 Rdg8 12.b5 Ne7 13.c4 g5 14.Ne5 Bxe5 
15.dxe5 Qg7 16.a4 Ng6 17.Qe3 Qxe5 18.Qxa7 c6 19.Bxg6 Rxg6 20.Be3 Qb8 21.
Qc5 e5 22.Rfd1 Re8 23.a5 f5 24.a6 b6 25.a7 bxc5 26.axb8=Q+ Kxb8 27.Rxd7 
cxb5 28.Bxc5 Rc6 29.Bd6+ Kc8 30.Rf7 1-0

[Event "zonal 1.5"]
[Site "Panormo GRE"]
[Date "1998.10.25"]
[Round "2"]
[White "Chibukhchian, Artur"]
[Black "Psomiadis, Stavros"]
[Result "1-0"]
[WhiteElo "2415"]
[BlackElo "2155"]
[EventDate "1998.10.24"]
[PlyCount "43"]

1.d4 d5 2.c4 dxc4 3.Nf3 Nf6 4.e3 e6 5.Bxc4 c5 6.O-O a6 7.a4 Nc6 8.Qe2 Qc7 
9.Rd1 Be7 10.Nc3 O-O 11.h3 Rd8 12.b3 Na5 13.Bb2 cxd4 14.exd4 Nxc4 15.bxc4 
b6 16.d5 Bb7 17.dxe6 Bxf3 18.exf7+ Kxf7 19.Qxf3 Qxc4 20.Nd5 Qe4 21.Qxe4 
Nxe4 22.Nxe7 1-0

[Event "zonal 1.5"]
[Site "Panormo GRE"]
[Date "1998.10.25"]
[Round "2"]
[White "Mchedlishvili, Mikheil"]
[Black "Kagas, Konstantinos"]
[Result "1/2-1/2"]
[WhiteElo "2390"]
[BlackElo "2140"]
[EventDate "1998.10.24"]
[PlyCount "100"]

1.d4 d5 2.Nf3 c6 3.c4 e6 4.e3 Nf6 5.Bd3 Bd6 6.O-O Nbd7 7.Nc3 O-O 8.e4 dxe4
9.Nxe4 Nxe4 10.Bxe4 e5 11.dxe5 Nxe5 12.Nxe5 Bxe5 13.Bxh7+ Kxh7 14.Qh5+ Kg8
15.Qxe5 Qd3 16.b3 Rd8 17.Be3 Bf5 18.Rfe1 b6 19.h4 Be6 20.h5 Qf5 21.Qh2 Rd7
22.h6 g5 23.Rad1 Rad8 24.Rxd7 Rxd7 25.Qh5 g4 26.Qh2 Kh7 27.Qb8 Qf6 28.Bf4 
Rd8 29.Qe5 Qxe5 30.Rxe5 Rd4 31.Be3 Rd1+ 32.Kh2 Re1 33.Kg3 c5 34.Kh4 Rh1+ 
35.Kg3 Ra1 36.Rg5 Kxh6 37.Rxc5+ Kg6 38.Rg5+ Kh7 39.a4 Rb1 40.Rb5 Kg6 41.
Kf4 Bd7 42.Rb4 Kf6 43.g3 Ke7 44.c5 Be6 45.cxb6 axb6 46.Rxb6 Rxb3 47.a5 
Rxb6 48.Bxb6 Kd7 49.a6 Kc8 50.Kg5 Kb8 1/2-1/2

[Event "zonal 1.5"]
[Site "Panormo GRE"]
[Date "1998.10.25"]
[Round "2"]
[White "Tsichlis, Georgios"]
[Black "Kofidis, Andreas"]
[Result "0-1"]
[WhiteElo "2145"]
[BlackElo "2380"]
[EventDate "1998.10.24"]
[PlyCount "96"]

1.e4 e5 2.Nf3 Nc6 3.d4 exd4 4.Nxd4 Bc5 5.Nxc6 Qf6 6.Qd2 bxc6 7.Nc3 Ne7 8.
Qf4 Qxf4 9.Bxf4 d6 10.Na4 Bd4 11.Rd1 Bf6 12.Be3 Rb8 13.b3 c5 14.f4 Bd7 15.
e5 Bh4+ 16.g3 Nf5 17.Bxc5 dxc5 18.Rxd7 Nxg3 19.hxg3 Bxg3+ 20.Ke2 Kxd7 21.
Kf3 Bxf4 22.Kxf4 Ke7 23.Nxc5 Rbd8 24.Bd3 h5 25.Ne4 h4 26.Kg4 Rd5 27.Rxh4 
Rxh4+ 28.Kxh4 Rxe5 29.b4 Rd5 30.Kg3 Rd4 31.a3 f5 32.Nc3 Kf6 33.Nb5 Rg4+ 
34.Kf3 g5 35.Nxa7 Rh4 36.Nc6 Rh3+ 37.Kg2 g4 38.Nd4 f4 39.Be2 Ke5 40.Nf3+ 
gxf3+ 41.Bxf3 Rh6 42.b5 Rd6 43.a4 Rd2+ 44.Kh3 Rxc2 45.a5 Ra2 46.a6 Kd4 47.
Kg4 Kc5 48.Bc6 Rxa6 0-1

[Event "zonal 1.5"]
[Site "Panormo GRE"]
[Date "1998.10.25"]
[Round "2"]
[White "Raptis, Georgios"]
[Black "Nikolaidis, Konstantinos"]
[Result "1/2-1/2"]
[WhiteElo "2140"]
[BlackElo "2335"]
[EventDate "1998.10.24"]
[PlyCount "50"]

1.Nf3 Nf6 2.d4 g6 3.g3 Bg7 4.Bg2 O-O 5.O-O d6 6.c4 Nc6 7.d5 Na5 8.Nbd2 c5 
9.Qc2 a6 10.a3 b5 11.e4 bxc4 12.Nxc4 Nxc4 13.Qxc4 Rb8 14.Re1 Nd7 15.Qc2 a5
16.Rb1 Ba6 17.b3 Rb7 18.Bb2 Bxb2 19.Rxb2 Qc7 20.Bh3 Rfb8 21.Reb1 Ra7 22.
Qd2 Nf6 23.Qe3 Rab7 24.Nd2 Qd8 25.Qc3 Qc7 1/2-1/2

[Event "zonal 1.5"]
[Site "Panormo GRE"]
[Date "1998.10.25"]
[Round "2"]
[White "Karagiannis, Athanasios"]
[Black "Bras, Emanouel"]
[Result "1-0"]
[WhiteElo "2365"]
[BlackElo "2105"]
[EventDate "1998.10.24"]
[PlyCount "99"]

1.d4 d5 2.c4 c6 3.Nf3 Nf6 4.e3 Bg4 5.h3 Bxf3 6.Qxf3 e6 7.Nd2 Bd6 8.g4 Qa5 
9.Bd3 Nbd7 10.g5 dxc4 11.gxf6 cxd3 12.fxg7 Rg8 13.Rg1 Qd5 14.Qe4 Qxe4 15.
Nxe4 Be7 16.Kd2 O-O-O 17.Kxd3 Ne5+ 18.Ke2 Ng6 19.Bd2 f5 20.Ng5 Bxg5 21.
Rxg5 Rxg7 22.Bb4 f4 23.Rag1 fxe3 24.fxe3 Rf7 25.R1g4 Rd5 26.Rxd5 cxd5 27.
Bd6 Rf5 28.Rg1 Kd7 29.Bb8 Rf8 30.Bxa7 Ra8 31.Bc5 Rxa2 32.Ba3 b5 33.Rb1 Ne7
34.Kd3 Nc6 35.Kc2 Na5 36.Rg1 b4 37.Bxb4 Nc4 38.Ba3 Nxa3+ 39.Kb3 Rxb2+ 40.
Kxb2 Nc4+ 41.Kc3 Nxe3 42.Rg7+ Kd6 43.Rxh7 Nf5 44.Ra7 Kc6 45.Kd3 Kd6 46.Rf7
Nh6 47.Rh7 Nf5 48.Ra7 Kc6 49.Rf7 Nd6 50.Re7 1-0

[Event "zonal 1.5"]
[Site "Panormo GRE"]
[Date "1998.10.25"]
[Round "2"]
[White "Petsetidi, Maria"]
[Black "Stefanopoulos, Orestis"]
[Result "0-1"]
[WhiteElo "2090"]
[BlackElo "2320"]
[EventDate "1998.10.24"]
[PlyCount "56"]

1.e4 Nf6 2.e5 Nd5 3.d4 d6 4.c4 Nb6 5.exd6 cxd6 6.Nc3 g6 7.Nf3 Bg7 8.Be3 
O-O 9.Be2 Nc6 10.Qd2 Bg4 11.b3 e5 12.dxe5 dxe5 13.Rd1 Qxd2+ 14.Rxd2 Rfd8 
15.Bxb6 axb6 16.h3 Rxd2 17.Kxd2 Rd8+ 18.Kc1 Bh6+ 19.Kb2 Bxf3 20.gxf3 Rd2+ 
21.Kb1 Nd4 22.Re1 Nc2 23.Rd1 Na3+ 24.Ka1 Rc2 25.Rd8+ Kg7 26.Bd1 Rxf2 27.
Ne2 Bg5 28.Rd7 e4 0-1

[Event "zonal 1.5"]
[Site "Panormo GRE"]
[Date "1998.10.26"]
[Round "3"]
[White "Lputian, Smbat"]
[Black "Duric, Stefan"]
[Result "0-1"]
[WhiteElo "2615"]
[BlackElo "2500"]
[EventDate "1998.10.24"]
[PlyCount "72"]

1.d4 g6 2.Nf3 Bg7 3.c4 c5 4.d5 d6 5.e4 e5 6.Nc3 Na6 7.g3 Nc7 8.Bg2 Bd7 9.
a4 Na6 10.O-O Bh6 11.Ne1 Bxc1 12.Rxc1 Ne7 13.f4 O-O 14.fxe5 dxe5 15.Nd3 f6
16.Rc2 Nb4 17.Rcf2 Nxd3 18.Qxd3 Kg7 19.d6 Nc6 20.Qe3 Nb4 21.Rd2 b6 22.Nb5 
Rf7 23.Nc7 Rc8 24.a5 Qf8 25.axb6 axb6 26.Ra1 Rb8 27.Nd5 Nxd5 28.Rxd5 Be6 
29.Rd2 Rd7 30.Rad1 Rbd8 31.Qd3 Bg4 32.Bf3 Rxd6 33.Qxd6 Rxd6 34.Bxg4 Rd4 
35.Be6 Qa8 36.Bd5 Qa4 0-1

[Event "zonal 1.5"]
[Site "Panormo GRE"]
[Date "1998.10.26"]
[Round "3"]
[White "Pavlovic, Milos"]
[Black "Miladinovic, Igor"]
[Result "1-0"]
[WhiteElo "2505"]
[BlackElo "2555"]
[EventDate "1998.10.24"]
[PlyCount "87"]

1.e4 c5 2.Nf3 Nc6 3.d4 cxd4 4.Nxd4 Qc7 5.Nc3 e6 6.Be2 a6 7.O-O Nf6 8.Be3 
Bb4 9.Na4 Be7 10.c4 Nxe4 11.c5 O-O 12.g3 Rb8 13.Bf3 f5 14.Bf4 d6 15.Bxe4 
e5 16.Nxf5 Bxf5 17.Bxf5 Rxf5 18.Be3 Nd4 19.cxd6 Qxd6 20.Nc3 Rbf8 21.Bxd4 
exd4 22.Qb3+ Kh8 23.Rad1 Qd7 24.Ne4 Rh5 25.f3 Rb5 26.Qc2 Rc8 27.Qe2 Qe6 
28.b3 Qb6 29.Qd3 Rd5 30.Kg2 a5 31.Rc1 Rcd8 32.Rc4 Qh6 33.Rf2 Bb4 34.Rfc2 
Qa6 35.h4 h6 36.Nf2 Bc3 37.Re2 R5d7 38.Rc5 Qf6 39.Rce5 Qf7 40.Nh3 Bb4 41.
Nf4 Kg8 42.Rf5 Qxf5 43.Qxf5 d3 44.Re8+ 1-0

[Event "zonal 1.5"]
[Site "Panormo GRE"]
[Date "1998.10.26"]
[Round "3"]
[White "Sturua, Zurab"]
[Black "Lobzhanidze, Davit"]
[Result "1-0"]
[WhiteElo "2600"]
[BlackElo "2455"]
[EventDate "1998.10.24"]
[PlyCount "59"]

1.e4 c5 2.Nf3 d6 3.d4 cxd4 4.Nxd4 Nf6 5.Nc3 g6 6.Be2 Bg7 7.O-O O-O 8.Bg5 
Nc6 9.Nb3 a6 10.a4 b6 11.f4 Bb7 12.Bf3 Nd7 13.Rf2 Na5 14.Nd4 Rc8 15.Nd5 
Bxd5 16.exd5 h6 17.Bh4 Rc4 18.Rd2 Rxd4 19.Rxd4 Bxd4+ 20.Qxd4 Qc7 21.b4 Nb7
22.c3 Rc8 23.Re1 Re8 24.Rxe7 Rxe7 25.Bxe7 a5 26.h3 axb4 27.cxb4 Qc1+ 28.
Kh2 Qc2 29.Bd1 Qf5 30.Bg4 1-0

[Event "zonal 1.5"]
[Site "Panormo GRE"]
[Date "1998.10.26"]
[Round "3"]
[White "Bagaturov, Giorgi"]
[Black "Janjgava, Lasha"]
[Result "1/2-1/2"]
[WhiteElo "2540"]
[BlackElo "2490"]
[EventDate "1998.10.24"]
[PlyCount "45"]

1.d4 Nf6 2.Nf3 d5 3.c4 e6 4.Nc3 c5 5.e3 dxc4 6.Bxc4 a6 7.a4 Nc6 8.O-O Be7 
9.Qe2 cxd4 10.Rd1 e5 11.exd4 exd4 12.Nxd4 Nxd4 13.Qe5 Qd6 14.Qxd4 Qxd4 15.
Rxd4 Bc5 16.Rd1 O-O 17.h3 Be6 18.Bxe6 fxe6 19.Re1 Rfe8 20.Ne4 Nxe4 21.Rxe4
Rad8 22.Be3 Bxe3 23.Rxe3 1/2-1/2

[Event "zonal 1.5"]
[Site "Panormo GRE"]
[Date "1998.10.26"]
[Round "3"]
[White "Dervishi, Erald"]
[Black "Atalik, Suat"]
[Result "0-1"]
[WhiteElo "2430"]
[BlackElo "2585"]
[EventDate "1998.10.24"]
[PlyCount "82"]

1.e4 c5 2.Nf3 d6 3.d4 cxd4 4.Nxd4 Nf6 5.Nc3 e6 6.Be2 Be7 7.O-O Nc6 8.Be3 
Bd7 9.Nb3 a6 10.a4 Na5 11.Nxa5 Qxa5 12.f4 Bc6 13.Bd3 O-O 14.Qe1 Kh8 15.Qg3
Rae8 16.Qh3 Qh5 17.Qxh5 Nxh5 18.e5 f5 19.Be2 g6 20.Bd4 dxe5 21.Bxe5+ Nf6 
22.Bc4 Kg7 23.Rad1 Kf7 24.h3 Rd8 25.Rfe1 Ne4 26.Nxe4 fxe4 27.Bb3 Bh4 28.
Rxd8 Rxd8 29.Re2 Bg3 30.c3 g5 31.Bc7 Rd3 32.Kf1 Ke7 33.Bc2 Rd7 34.Bb6 gxf4
35.Rxe4 Rd2 36.Re2 Rxe2 37.Kxe2 Bxg2 38.Bf2 Bxf2 39.Kxf2 Bc6 40.Bxh7 Bxa4 
41.Kf3 e5 0-1

[Event "zonal 1.5"]
[Site "Panormo GRE"]
[Date "1998.10.26"]
[Round "3"]
[White "Banikas, Hristos"]
[Black "Tosic, Miroslav"]
[Result "1-0"]
[WhiteElo "2490"]
[BlackElo "2525"]
[EventDate "1998.10.24"]
[PlyCount "89"]

1.d4 Nf6 2.c4 d6 3.Nc3 Nbd7 4.Nf3 c6 5.e4 e5 6.Be2 Be7 7.O-O O-O 8.Re1 a6 
9.Bf1 Qc7 10.Bg5 Re8 11.h3 h6 12.Bh4 exd4 13.Nxd4 Bf8 14.Qd2 g6 15.Rad1 b6
16.Nc2 Bb7 17.Bg3 Nc5 18.Qd4 Re6 19.e5 dxe5 20.Bxe5 Qe7 21.Bxf6 Qxf6 22.
Qxf6 Rxf6 23.b4 Ne6 24.Na4 a5 25.Nxb6 axb4 26.Nxa8 Bxa8 27.Rd7 c5 28.Ne3 
Nd4 29.Ng4 Rf4 30.Nxh6+ Kg7 31.Ng4 Bc6 32.Rd8 Ne6 33.Rd3 Nd4 34.Ne5 Ba4 
35.Rd2 Bd6 36.Nd3 Rf5 37.Nxb4 Rg5 38.Rd3 Bc7 39.Nd5 Ba5 40.Re7 Bc2 41.Ra3 
Bd2 42.g4 Ne6 43.Raa7 Re5 44.Rxf7+ Kh6 45.h4 1-0

[Event "zonal 1.5"]
[Site "Panormo GRE"]
[Date "1998.10.26"]
[Round "3"]
[White "Anastasian, Ashot"]
[Black "Minasian, Ara"]
[Result "1-0"]
[WhiteElo "2560"]
[BlackElo "2450"]
[EventDate "1998.10.24"]
[PlyCount "73"]

1.d4 f5 2.Nf3 g6 3.c4 Bg7 4.g3 Nf6 5.Bg2 O-O 6.O-O d6 7.Nc3 Qe8 8.d5 Na6 
9.Be3 h6 10.Qd2 g5 11.Rab1 Ng4 12.Bd4 Ne5 13.b3 f4 14.Bxe5 dxe5 15.Ne1 h5 
16.Nd3 Bf5 17.Be4 Bh3 18.b4 Rd8 19.Nc5 Nxc5 20.bxc5 h4 21.Bg2 Bc8 22.h3 g4
23.hxg4 Qg6 24.Qd3 Qxg4 25.Bf3 Qg5 26.Ne4 Qg6 27.g4 Bxg4 28.Kh2 Bc8 29.Rg1
Qh7 30.Bg4 e6 31.Qh3 exd5 32.cxd5 f3 33.e3 Bxg4 34.Rxg4 Rf7 35.Rbg1 Kf8 
36.d6 cxd6 37.Rxh4 1-0

[Event "zonal 1.5"]
[Site "Panormo GRE"]
[Date "1998.10.26"]
[Round "3"]
[White "Tzermiadianos, Andreas"]
[Black "Gelashvili, Tamaz"]
[Result "0-1"]
[WhiteElo "2465"]
[BlackElo "2510"]
[EventDate "1998.10.24"]
[PlyCount "114"]

1.e4 c6 2.c4 e5 3.Nf3 d6 4.d4 Nd7 5.Nc3 Ngf6 6.Be2 Be7 7.O-O O-O 8.Re1 h6 
9.Rb1 Nh7 10.d5 c5 11.a3 Ng5 12.Nd2 Nh7 13.Nf1 Bg5 14.Ne3 Bxe3 15.Bxe3 
Nhf6 16.b4 b6 17.Bd3 Qe7 18.h3 Rd8 19.Ne2 Nf8 20.bxc5 bxc5 21.Qa4 Ng6 22.
Qa5 Ne8 23.Bc2 Qc7 24.Bd2 Qe7 25.Ba4 a6 26.Bc6 Ra7 27.Rb8 Nf6 28.Ng3 Rf8 
29.Qa4 Nh4 30.Ba5 Nd7 31.Rb2 f5 32.exf5 Nxf5 33.Nxf5 Rxf5 34.Qc2 Rf8 35.
Rb3 Qf7 36.Rf1 Nf6 37.Ba4 Nh5 38.Bd2 Bf5 39.Qb2 Qg6 40.Rc3 Be4 41.f3 Raf7 
42.Bc2 Bxc2 43.Qxc2 Qf6 44.Rb1 Ng3 45.Be1 Qg5 46.Bxg3 Qxg3 47.Qf2 Qg6 48.
Qc2 Qg5 49.Qc1 Qg3 50.Qc2 Rxf3 51.Rxf3 Rxf3 52.Rb8+ Kf7 53.Rb7+ Kf6 54.Rd7
Qe1+ 55.Kh2 Rf1 56.Rxd6+ Ke7 57.Re6+ Kf8 0-1

[Event "zonal 1.5"]
[Site "Panormo GRE"]
[Date "1998.10.26"]
[Round "3"]
[White "Cela, Altin"]
[Black "Papaioannou, Ioannis"]
[Result "1/2-1/2"]
[WhiteElo "2450"]
[BlackElo "2520"]
[EventDate "1998.10.24"]
[PlyCount "89"]

1.e4 c6 2.d4 d5 3.Nc3 dxe4 4.Nxe4 Nd7 5.Bc4 Ngf6 6.Ng5 e6 7.Qe2 Nb6 8.Bd3 
h6 9.N5f3 c5 10.dxc5 Bxc5 11.Ne5 Nbd7 12.Ngf3 Qc7 13.Bf4 Bb4+ 14.Kf1 Bd6 
15.Rd1 Nxe5 16.Nxe5 O-O 17.c4 b6 18.Rg1 Rd8 19.g4 g5 20.h4 Bb7 21.hxg5 
hxg5 22.Bg3 Ne8 23.Nf3 Bxf3 24.Qxf3 Bxg3 25.Rxg3 Qe5 26.b3 Nf6 27.Qe2 
Qxe2+ 28.Kxe2 Kf8 29.Rgg1 Rd4 30.f3 Ke7 31.Ke3 Rad8 32.Bc2 Rxd1 33.Rxd1 
Rh8 34.b4 Rh3 35.Rg1 a5 36.a3 Nd7 37.Bd3 axb4 38.axb4 Ne5 39.Be2 Kd6 40.
Ke4 Nc6 41.c5+ bxc5 42.Rd1+ Kc7 43.bxc5 Nb4 44.Bc4 Kc6 45.Bxe6 1/2-1/2